Iran medical devices report Q3 2015.
| Format: | Book |
|---|---|
| Published: |
London:
Business Monitor International,
2015.
|
| Subjects: |
| LEADER | 00487cam a2200145 7i4500 | ||
|---|---|---|---|
| 001 | 0000032768 | ||
| 005 | 20151008090000.0 | ||
| 022 | 0 | 0 | |a 20538316 |
| 090 | 0 | 0 | |a IRAN 610.284 |b IRA |
| 245 | 2 | 0 | |a Iran medical devices report Q3 2015. |
| 260 | 0 | 0 | |a London: |b Business Monitor International, |c 2015. |
| 300 | # | # | |a 129 pages. |
| 650 | 0 | 0 | |a Medical devices -- |x Markets -- |z Iran |
| 650 | 0 | 0 | |a Medical instruments and apparatus -- |x Markets -- |z Iran |
| 999 | |a B000036576 |b Book |c Countries |e Business Information Centre | ||